书目信息 |
| 题名: |
骊靬文化与丝绸之路研究
|
|
| 作者: | 丁永琴 主编 | |
| 分册: | ||
| 出版信息: | 北京 中国旅游出版社 2014 |
|
| 页数: | 241页 | |
| 开本: | 23cm | |
| 丛书名: | 骊靬文化·丝绸之路研究系列丛书 | |
| 单 册: | ||
| 中图分类: | K203-53 | |
| 科图分类: | ||
| 主题词: | ||
| 电子资源: | ||
| ISBN: | 978-7-5032-5004-0 | |
| 000 | 00935nam0 2200253 450 | |
| 001 | 339962 | |
| 005 | 20150604164052.32 | |
| 010 | @a978-7-5032-5004-0@dCNY48.00 | |
| 100 | @a20140812d2014 em y0chiy50 ea | |
| 101 | 0 | @achi |
| 102 | @aCN@b110000 | |
| 105 | @aa z 000yy | |
| 106 | @ar | |
| 200 | 1 | @a骊靬文化与丝绸之路研究@Ali han wen hua yu si chou zhi lu yan jiu@f丁永琴主编 |
| 210 | @a北京@c中国旅游出版社@d2014 | |
| 215 | @a241页@c图, 照片@d23cm | |
| 225 | 1 | @a骊靬文化·丝绸之路研究系列丛书 |
| 330 | @a本书分骊靬文化与历史研究、骊靬文化旅游研究、丝绸之路旅游研究、骊靬文学研究等四部分, 收录了《古代中国有座罗马人的城市》、《金昌市区域旅游协作区的运行特征与战略定位》、《骊靬的历史流变与发展展望》等文章。 | |
| 410 | 0 | @12001 @a骊靬文化·丝绸之路研究系列丛书 |
| 607 | @a丝绸之路@j文集 | |
| 690 | @aK203-53@v5 | |
| 701 | 0 | @a丁永琴@Ading yong qin@4主编 |
| 801 | 0 | @aCN@b卓展宏图@c20150525 |
| 905 | @dK203-53@e157@f5 | |
| 骊靬文化与丝绸之路研究/丁永琴主编.-北京:中国旅游出版社,2014 |
| 241页:图, 照片;23cm.-(骊靬文化·丝绸之路研究系列丛书) |
| ISBN 978-7-5032-5004-0:CNY48.00 |
| 本书分骊靬文化与历史研究、骊靬文化旅游研究、丝绸之路旅游研究、骊靬文学研究等四部分, 收录了《古代中国有座罗马人的城市》、《金昌市区域旅游协作区的运行特征与战略定位》、《骊靬的历史流变与发展展望》等文章。 |
| ● |
| 相关链接 |
|
|
|
|
正题名:骊靬文化与丝绸之路研究
索取号:K203-53/157
 
预约/预借
| 序号 | 登录号 | 条形码 | 馆藏地/架位号 | 状态 | 备注 |
| 1 | 855116 | 208551164 | 第二样本阅览室/ [索取号:K203-53/157] | 在馆 | |
| 2 | 855117 | 208551173 | 第二借阅区/ [索取号:K203-53/157] | 在馆 | |
| 3 | 855118 | 208551182 | 第二借阅区/ [索取号:K203-53/157] | 在馆 | |
| 4 | 855119 | 208551191 | 第二借阅区/ [索取号:K203-53/157] | 在馆 | |
| 5 | 855120 | 208551208 | 第二借阅区/ [索取号:K203-53/157] | 在馆 |